00715nam a2200253 a 4500001001300000003000900013005001700022008004100039020001000080082001700090100002000107245002400127260003500151300000900186500003500195505001000230650003500240650001900275700002000294902000800314942000700322952011700329999001500446nice12345678IN_TiNIC20260116011410.0050524s1887 luca grp 000 0 per  ac10000a891.51bNIZ1 aNizami Gunjvi,  aSikander Nama Barri aLucknow bNaval Kishore c1887 a592p aincludes index and biblioraphy2 aIndex aPersian Poetry-Hairat Badayuni aPersian Poetry1 aNizami Gunjvi,  bSRS cBK 001040708StackRoom-aHMIbHMId2007-06-01g100.00l0o891.51 NIZ1p04463r2007-06-01v100.00w2005-05-24yBK c1183d1183